| 000 | 00542nam a22002057a 4500 | ||
|---|---|---|---|
| 003 | CEME | ||
| 005 | 20210628202510.0 | ||
| 008 | 210115b xxu||||| |||| 00| 0 eng d | ||
| 020 | _a9788120350441 | ||
| 040 | _c. | ||
| 082 | _a658.4012 BAR | ||
| 100 |
_aBarney, Jay B _959070 |
||
| 245 | _aStrategic management and competitive advantage concepts | ||
| 250 | _a5TH | ||
| 260 |
_aINDIA _bPHI LEARNING _c2015 |
||
| 300 | _aXXI, 373P | ||
| 650 |
_aSTRATEGIC MANAGEMENT. _959071 |
||
| 700 |
_aHESTERLY, WILLIAM S _960171 |
||
| 942 |
_cBK _2ddc |
||
| 999 |
_c569971 _d569971 |
||